000 006000000a22002050004500
003 LK-CoMWRAF
005 20231115121740.0
008 230817t1956 ||||| |||| 00| 0 eng d
040 _aLK-CoMWRAF
_dLK-CoMWRAF
_eLK-CoMWRAF
041 _aeng
082 _a301
_bCHA
100 _aChase, Stuart
245 _aThe Proper Study of Mankind:
_bAn Inquiry into the Science of Human Relations
260 _aLondon:
_bHarper & Row,
_c1956
300 _axx, 311 p. 22 cm
_bBibliography and index included
650 _aSOCIAL SCIENCES
650 _aAnthropology
650 _aSocial problems
942 _cBK
999 _c1092
_d1092